Представление документа в формате MARC21

ПолеНазваниеЗначение
  Тип записи a
  Библиографический уровень m
001 Контрольный номер fb3df5590a684d1cab8e761481bd5248
005 Дата корректировки 20260428115537.0
020 Индекс ISBN __
a ISBN 978-5-88840-243-6
040 Источник каталогиз. __
b Код языка каталог. rus
e Правила каталог. PSBO
a Служба первич. каталог. ГНЮ
041 Код языка издания 0_
a Код языка текста rus
084 Индекс другой классификации/Индекс ББК __
a Индекс другой классификации/Индекс ББК Х621.163.04я73
090 Шифры __
c Каталожный индекс Х621.163.04я73
100 Автор 1_
a Автор Вершинина Е. С.
245 Заглавие 00
a Заглавие Административная юрисдикция участкового уполномоченного полиции
h Физич. носитель Электронный ресурс
c Ответственность Нижегородская академия МВД Российской Федерации
b Продолж. заглавия учебно-практическое пособие
260 Выходные данные __
a Место издания Нижний Новгород
b Издательство НА МВД России
c Дата издания 2026
300 Физическое описание __
a Объем 97 с.
336 Вид содержания __
a Термин вида содержания Текст
337 Средство доступа __
a Термин типа средства электронный
504 Библиография __
a Библиография Библиогр.: с. 77-79
650 Тематические рубрики 14
a Основная рубрика РОССИЙСКОЕ АДМИНИСТРАТИВНОЕ ПРАВО
x Основная подрубрика ФОРМЫ И МЕТОДЫ ГОСУДАРСТВЕННОГО УПРАВЛЕНИЯ... АДМИНИСТРАТИВНАЯ ОТВЕТСТВЕННОСТЬ. АДМИНИСТРАТИВНЫЙ ПРОЦЕСС. АДМИНИСТРАТИВНЫЕ ПРАВОНАРУШЕНИЯ
653 Ключевые слова 1_
a Ключевые слова ПРОИЗВОДСТВО ПО ДЕЛАМ ОБ АДМИНИСТРАТИВНЫХ ПРАВОНАРУШЕНИЯХ; АДМИНИСТРАТИВНЫЕ ПРАВОНАРУШЕНИЯ; АДМИНИСТРАТИВНАЯ ДЕЯТЕЛЬНОСТЬ ОВД; ОТДЕЛЬНЫЕ ВИДЫ АДМИНИСТРАТИВНЫХ ПРАВОНАРУШЕНИЙ; ВЫЯВЛЕНИЕ АДМИНИСТРАТИВНЫХ ПРАВОНАРУШЕНИЙ; ПРЕСЕЧЕНИЕ АДМИНИСТРАТИВНЫХ ПРАВОНАРУШЕНИЙ; ДОКУМЕНТИРОВАНИЕ АДМИНИСТРАТИВНЫХ ПРАВОНАРУШЕНИЙ; ДЕЯТЕЛЬНОСТЬ УЧАСТКОВЫХ УПОЛНОМОЧЕННЫХ ПОЛИЦИИ; АДМИНИСТРАТИВНАЯ ЮРИСДИКЦИЯ
700 Другие авторы 12
a Другие авторы Гольцман Е. В.
700 Другие авторы 12
a Другие авторы Кострова О. В.
856 Электронный адрес документа 40
u URL http://mp.na-mvd.ru/MegaPro/Download/MObject/7204
900 Электронные ресурсы __
a Имя электронного ресурса УПП Вершинина, Кострова, Гольцман 2026
905 Дата создания записи __
a Дата создания записи 20250923
952 Тип литературы __
c Вид литературы учебная
c Вид литературы учебное пособие